00573nam a2200205 a 4500001001300000003000900013005001700022008004100039020002300080082001700103100002100120245002000141260004400161300000900205500003500214505004100249650002600290650003000316700002100346nice12345678IN_TiNIC20260116013204.0050524s1995 bira grp 000 0 eng  a0904766 c20000a181.043bSAN aSangharakshita,  aPeace Is a Fire aBirminghambWindhrose Publicationc1995 a147p aincludes index and biblioraphy2 aNotes, Sources, List of Illustration aEpistemology-Buddhist aSangharakshita-Philosophy1 aSangharakshita,